书目信息 |
| 题名: |
草根调查
|
|
| 作者: | 李振杰 著 | |
| 分册: | ||
| 出版信息: | 北京 经济管理出版社 2003.01 |
|
| 页数: | 231页 | |
| 开本: | 21cm | |
| 丛书名: | ||
| 单 册: | ||
| 中图分类: | F279.243 , F323 | |
| 科图分类: | ||
| 主题词: | 农村经济--经济发展--研究--中国 , 乡镇企业--经济发展--研究--中国 | |
| 电子资源: | ||
| ISBN: | 7-80162-796-2 | |
| 000 | 01081nam0 2200277 4500 | |
| 001 | 192004003935 | |
| 005 | 20070906161119.03 | |
| 010 | @a7-80162-796-2@dCNY25.00 | |
| 100 | @a20070602d2003 ekmy0chiy0121 ea | |
| 101 | 0 | @achi |
| 102 | @aCN@b110000 | |
| 105 | @aak a 000yy | |
| 200 | 1 | @a草根调查@Acao gen diao cha@e中国基层发展问题的社会学分析@f李振杰著 |
| 210 | @a北京@c经济管理出版社@d2003.01 | |
| 215 | @a231页@c图@d21cm | |
| 300 | @a其他题名:中国基层发展问题的社会学分析 | |
| 320 | @a有书目 (第223-226页) | |
| 330 | @a该书揭示了温州模式与民营经济、苏南模式与乡镇企业、江苏华西村与农村工业化、河南南街村与集体经济、农 村经济发展与干群矛盾等之间的关系,反映了改革开放以来,我国农村地区在市场经济建设过程中涌现出来的典型经验和存在的问题。 | |
| 517 | 1 | @a中国基层发展问题的社会学分析@Azhong guo ji ceng fa zhan wen ti de she hui xue fen xi |
| 606 | 0 | @a农村经济@x经济发展@x研究@y中国 |
| 606 | 0 | @a乡镇企业@x经济发展@x研究@y中国 |
| 690 | @aF279.243@v4 | |
| 690 | @aF323@v4 | |
| 701 | 0 | @a李振杰@Ali zhen jie@4著 |
| 801 | 0 | @aCN@c20070906 |
| 905 | @dF323@eL332 | |
| 草根调查:中国基层发展问题的社会学分析/李振杰著.-北京:经济管理出版社,2003.01 |
| 231页:图;21cm |
| 其他题名:中国基层发展问题的社会学分析 |
| ISBN 7-80162-796-2:CNY25.00 |
| 该书揭示了温州模式与民营经济、苏南模式与乡镇企业、江苏华西村与农村工业化、河南南街村与集体经济、农 村经济发展与干群矛盾等之间的关系,反映了改革开放以来,我国农村地区在市场经济建设过程中涌现出来的典型经验和存在的问题。 |
| ● |
| 相关链接 |
|
|
|
正题名:草根调查
索取号:F323/L332
 
预约/预借
| 序号 | 登录号 | 条形码 | 馆藏地/架位号 | 状态 | 备注 |
| 1 | 617765 | 206177652 | 社科库409/409社科库 33排2列5层/ [索取号:F323/L332] | 在馆 | |
| 2 | 617766 | 206177661 | 社科二线422/409社科库 33排2列5层/ [索取号:F323/L332] | 在馆 | |
| 3 | 617767 | 206177670 | 社科二线422/422社科库 27排2列3层/ [索取号:F323/L332] | 在馆 |